Länder Europa - alphabetisch - Statistiken

Allgemein
  • Dieses Quiz wurde 967 mal gespielt
  • Das Durchschnittsergebnis liegt bei 35 aus 45
Antwortstatistiken
Länder % Korrekt
A Albanien
96%
B Belgien
96%
A Andorra
94%
D Deutschland
92%
D Dänemark
91%
E Estland
91%
F Finnland
90%
F Frankreich
90%
G Griechenland
89%
I Irland
88%
I Island
88%
B Bulgarien
85%
L Lettland
85%
I Italien
84%
B Bosnien und Herzegowina
81%
K Kroatien
81%
L Litauen
81%
L Luxemburg
81%
M Malta
79%
P Polen
77%
P Portugal
76%
R Russland
76%
K Kosovo
74%
L Liechtenstein
74%
R Rumänien
74%
V Vatikanstadt
74%
N Norwegen
73%
M Monaco
72%
N Niederlande
72%
O Österreich
72%
U Ungarn
72%
M Montenegro
71%
S Schweden
70%
W Weißrussland
70%
S Slowakei
68%
S Slowenien
68%
S Schweiz
67%
U Ukraine
67%
M Moldawien
66%
S San Marino
66%
M Mazedonien
65%
S Serbien
65%
T Tschechien
63%
S Spanien
62%
V Vereinigtes Königreich
59%
Keine übereinstimmenden Quizze gefunden
Verteilung der Resultate
Anzahl Personen mit jedem Resultat
Perzentil nach korrekt beantworteten Fragen
Ihre Resultats-Entwicklung
Sie haben dieses Quiz noch nicht gespielt